Statistics for Map Projections Picture Quiz

Click here to take the quiz!

General Stats

  • This quiz has been taken 4 times
  • The average score is 5 of 16

Answer Stats

Answer% Correct
Mercator
75%
Dymaxion
50%
Gall-Peters
50%
Robinson
50%
Aitoff
25%
Craig Retroazimuthal
25%
Equirectangular
25%
Goode Homolosine
25%
Lambert Conformal Conic
25%
Mollweide
25%
Pierce Quincuncial
25%
Sinusoidal
25%
Stereographic
25%
Van der Grinten
25%
Waterman Butterfly
25%
Winkel Tripel
25%

Score Distribution

Percentile by Number Answered

Percent of People with Each Score

Your Score History

You have not taken this quiz